000 00543nam a22001932 4500
001 0000002766
005 20170406114502.0
008 140403s xx 000 0 eng d
020 _c$
040 _aYour Holding Symbol
_cYour Holding Symbol
100 1 _aEpstein A L.
245 1 0 _aPolitics in an urbarn african community.
250 _a ed.
260 _aManchester university :
_bThe Rhodes livingstone,
_c1958.
300 _a254 p. ;
_c cm.
504 _aindex.
650 0 _aafrican community.
908 _a140403
999 _c2652
_d2652